Wongs Essentials of Pediatric Nursing (Record no. 159206)
[ view plain ]
| 000 -LEADER | |
|---|---|
| fixed length control field | 00402nam a2200145Ia 4500 |
| 008 - FIXED-LENGTH DATA ELEMENTS--GENERAL INFORMATION | |
| fixed length control field | 230519s9999 xx 000 0 und d |
| 020 ## - INTERNATIONAL STANDARD BOOK NUMBER | |
| International Standard Book Number | 978-81-312-3992-6 |
| 041 ## - LANGUAGE CODE | |
| Language code of text/sound track or separate title | eng |
| 082 ## - DEWEY DECIMAL CLASSIFICATION NUMBER | |
| Classification number | 610.7362/HOC/DB0405 |
| 100 ## - MAIN ENTRY--PERSONAL NAME | |
| Personal name | Hockenberry M & Wilson David |
| 9 (RLIN) | 180361 |
| 245 ## - TITLE STATEMENT | |
| Title | Wongs Essentials of Pediatric Nursing |
| 260 ## - PUBLICATION, DISTRIBUTION, ETC. (IMPRINT) | |
| Name of publisher, distributor, etc. | Elsevier |
| Place of publication, distribution, etc. | New Delhi |
| Date of publication, distribution, etc. | 2015 |
| 300 ## - PHYSICAL DESCRIPTION | |
| Extent | 1062 |
| Withdrawn status | Lost status | Damaged status | Not for loan | Home library | Current library | Date acquired | Cost, normal purchase price | Bill number | Total Checkouts | Total Renewals | Full call number | Barcode | Date last seen | Date last checked out | Bill Date | Koha item type | Original Barcode |
|---|---|---|---|---|---|---|---|---|---|---|---|---|---|---|---|---|---|
| Smt. Bakul Tambat Institute of Nursing Education | Smt. Bakul Tambat Institute of Nursing Education | 16/11/2015 | 1595.00 | 141 | 8 | 8 | 610.7362 HOC DB0405 | BTIN-DB-405 | 22/01/2026 | 16/12/2025 | 07/11/2015 | Donated Book | DB0405 |